000 00578nam a22002297a 4500
999 _c36546
_d36546
003 OSt
005 20251009110833.0
008 251009b ||||| |||| 00| 0 spa d
020 _a980-317-155-0
040 _cBiblioteca Ernesto Sábato
092 _a338.7
_bM778
_eBMB
100 _4Montero, Cecilia
245 _aTrabajo y empresa
_b: entre dos siglos
250 _a1a. ed.
260 _aCaracas
_bNueva Sociedad
_c1999
300 _a235 p.
650 _aTRABAJO
650 _aEMPRESA
700 _aMario Alburquerque
700 _aJaime Ensignia
942 _2ddc
_cBMB